000 00471cam a2200145 4500500
005 20251228083007.0
041 _afre
042 _adc
100 1 0 _aCollinet, Jean-Pierre
_eauthor
245 0 0 _aLa Fontaine et ses « deux faces »
260 _c2010.
500 _a20
786 0 _nDix-septième siècle | 246 | 1 | 2010-02-25 | p. 177-185 | 0012-4273
856 4 1 _uhttps://shs.cairn.info/revue-dix-septieme-siecle-2010-1-page-177?lang=fr&redirect-ssocas=7080
999 _c1600282
_d1600282